000 01033cab a2200361 4500
001 ABS51383
008 090401t1994 xxu||||| |||| 00| 0 eng d
035 _a(Sirsi) u24183
041 _aeng
245 _aFocus `94: West Midlands centres
260 _c1994
350 _a0
490 _aEstates Gazette
_v(9438) 24 September 1994, 95-148(18)
650 _aAIRPORT DEVELOPMENT
650 _aAIRPORTS
650 _aBIRMINGHAM AIRPORT
650 _aBIRMINGHAM
650 _aCOVENTRY
650 _aDISTRIBUTION MARKET
650 _aDUDLEY
650 _aINDUSTRIAL MARKET
650 _aM42 CORRIDOR
650 _aMOTOR INDUSTRY
650 _aPROPERTY-COMMERCIAL PROPERTY-OFFICE PROPERTY-OFFICE PROPERTY MARKET
650 _aPROPERTY-COMMERCIAL PROPERTY-RETAIL PROPERTY-RETAIL PROPERTY MARKET
650 _aSOLIHULL
650 _aWALSALL
650 _aWEST MIDLANDS
650 _aWOLVERHAMPTON
690 _aPROPERTY-COMMERCIAL PROPERTY-COMMERCIAL PROPERTY MARKET
942 _n0
948 _c04/03/1997
999 _c16204
_d16204